Technical reference manual

Đã lưu trong:
書目詳細資料
格式: 圖書
語言:Undetermined
出版: 2011
主題:
標簽: 添加標簽
沒有標簽, 成為第一個標記此記錄!
Thư viện lưu trữ: Trung tâm Học liệu Trường Đại học Cần Thơ
LEADER 00380nam a2200133Ia 4500
001 CTU_239358
008 210402s9999 xx 000 0 und d
082 |a 620.1 
082 |b T255 
245 0 |a Technical reference manual 
260 |c 2011 
650 |a Khoa học vật liệu,Materials science 
910 |a Tuyến 
980 |a Trung tâm Học liệu Trường Đại học Cần Thơ